AFGHAN (Record no. 3810)
[ view plain ]
| 000 -LEADER | |
|---|---|
| fixed length control field | 00308nam a2200133Ia 4500 |
| 008 - FIXED-LENGTH DATA ELEMENTS--GENERAL INFORMATION | |
| fixed length control field | 240624s9999 xx 000 0 und d |
| 041 ## - LANGUAGE CODE | |
| Language code of text/sound track or separate title | eng |
| 082 ## - DEWEY DECIMAL CLASSIFICATION NUMBER | |
| Classification number | 823 FOR |
| 100 ## - MAIN ENTRY--PERSONAL NAME | |
| Personal name | FORSYTH FREDERICK |
| 245 ## - TITLE STATEMENT | |
| Title | AFGHAN |
| 260 ## - PUBLICATION, DISTRIBUTION, ETC. | |
| Date of publication, distribution, etc. | 2006 |
| Place of publication, distribution, etc. | New Delhi |
| Name of publisher, distributor, etc. | Corgi Books |
| 300 ## - PHYSICAL DESCRIPTION | |
| Extent | 349 : p. : cm. ; 18 |
| 365 ## - TRADE PRICE | |
| Currency code | BPS |
| Withdrawn status | Lost status | Damaged status | Not for loan | Home library | Current library | Shelving location | Date acquired | Source of acquisition | Cost, normal purchase price | Total Holds | Full call number | Barcode | Date last seen | Copy number | Price effective from | Koha item type |
|---|---|---|---|---|---|---|---|---|---|---|---|---|---|---|---|---|
| IMTN | IMTN | Rack 40-B | 09/08/2006 | WBD | 2.90 | 671 | 823 FOR | 3810 | 06/24/2024 | 1 | 06/24/2024 | Books |